Top 10 des états américains les plus obèses - Statistiques

Statistiques générales
  • Ce quiz a été pris 392 fois
  • Le résultat moyen est 5 sur 11
Statistiques - réponses
% États % Correct
33.7 Texas
94%
35.7 Alabama
58%
37.3 Mississippi
53%
35.5 Louisiane
47%
35.7 Arkansas
42%
34.2 Kentucky
40%
32.5 Michigan
40%
34.8 Tennessee
38%
32.8 Oklahoma
33%
32.5 Indiana
30%
37.7 Virginie-Occidentale
24%
Aucun quiz correspondant
Distribution des résultats
% des personnes avec chaque résultat
Percentile par nombre de réponses
Votre historique - résultats
Vous n’avez pas pris ce quiz